000 01573cam a2200349 a 4500
001 2088981
005 20090311190205.0
008 950822s1996 enka b 001 0 eng
010 _a 95039619
020 _a019859383X (hbk)
020 _a9780198593836 (hbk)
040 _aDLC
_cDLC
_dDLC
050 0 0 _aTK11
_b.N45 1996
082 0 0 _a621.30151
_222
_bNEI
100 1 _aNeittaanmaki, P.
_q(Pekka)
_927654
245 1 0 _aInverse Problems and Optimal Design in Electricity and Magnetism /
_cP. Neittaanmaki, M. Rudnicki, and A. Savini.
260 _aOxford [England] ;
_bClarendon Press , 1996
_c1996.
300 _axiii, 367 p. :
_bill. ;
_c25 cm.
490 _927653
_aMonographs in Electrical and Electronic Engineering ;
_v35
504 _aIncludes bibliographical references and indexes.
650 0 _aElectrical engineering
_xMathematics.
_927655
650 0 _aMathematical optimization.
_927656
650 0 _aElectromagnetism
_xMathematical models.
_927657
653 _bEle
_cOctober2011
700 1 _aRudnicki, M.
_927658
700 1 _aSavini, A.
_927659
856 4 2 _3Publisher description
_uhttp://www.loc.gov/catdir/enhancements/fy0606/95039619-d.html
856 4 1 _3Table of contents only
_uhttp://www.loc.gov/catdir/enhancements/fy0606/95039619-t.html
942 _2ddc
_cBB
999 _c16175
_d16175